Phân tích số liệu thống kê với R
Nội dung sách trình bày về phần mềm R; thao tác với dữ liệu; thống kê mô tả; phân tích phương sai; mô hình hồi quy tuyến tính; vẽ đồ thị với R
Uloženo v:
| Hlavní autor: | |
|---|---|
| Médium: | Kniha |
| Jazyk: | Undetermined |
| Vydáno: |
Hà Nội
Giáo dục Việt Nam
2016
|
| Témata: | |
| Tagy: |
Přidat tag
Žádné tagy, Buďte první, kdo otaguje tento záznam!
|
| Thư viện lưu trữ: | Trung tâm Học liệu Trường Đại học Cần Thơ |
|---|
| LEADER | 01057nam a2200229Ia 4500 | ||
|---|---|---|---|
| 001 | CTU_236536 | ||
| 008 | 210402s9999 xx 000 0 und d | ||
| 082 | |a 519.7 | ||
| 082 | |b T103/T.1 | ||
| 100 | |a Võ, Văn Tài | ||
| 245 | 0 | |a Phân tích số liệu thống kê với R | |
| 245 | 0 | |c Võ Văn Tài, Nguyễn Thị Hồng Dân, Hồng Việt Minh | |
| 260 | |a Hà Nội | ||
| 260 | |b Giáo dục Việt Nam | ||
| 260 | |c 2016 | ||
| 520 | |a Nội dung sách trình bày về phần mềm R; thao tác với dữ liệu; thống kê mô tả; phân tích phương sai; mô hình hồi quy tuyến tính; vẽ đồ thị với R | ||
| 526 | |a Thống kê ứng dụng,Xử lý số liệu thống kê,Thống kê nhiều chiều | ||
| 526 | |b TN752,TN656,TN657 | ||
| 650 | |a Mathematical statistics,Toán học thống kê | ||
| 904 | |i Năm, Q. Hiếu (sửa) | ||
| 910 | |a Tuyến | ||
| 980 | |a Trung tâm Học liệu Trường Đại học Cần Thơ | ||